| 000 | 00496nam a2200205Ia 4500 | ||
|---|---|---|---|
| 008 | 220204s9999 xx 000 0 und d | ||
| 082 |
_a581.52 _bPRE |
||
| 100 | _aPrecht, H | ||
| 245 | 0 | _aTemperature and life | |
| 260 |
_aNew York _bSpringer _c1973 |
||
| 650 | _aCarbohydrate metabolism | ||
| 650 | _aEcology | ||
| 650 | _aEnvironment | ||
| 650 | _aHibernation | ||
| 650 | _aHomeotherms | ||
| 650 | _aMicroorganisms | ||
| 650 | _aPoikilotherms | ||
| 650 | _aTemperature | ||
| 942 | _cBK | ||
| 999 |
_c26528 _d26528 |
||